The modern law of contract / (Record no. 266267)
[ view plain ]
| 000 -LEADER | |
|---|---|
| fixed length control field | 03227cam a2200397 i 4500 |
| 001 - CONTROL NUMBER | |
| control field | 23541593 |
| 003 - CONTROL NUMBER IDENTIFIER | |
| control field | OSt |
| 005 - DATE AND TIME OF LATEST TRANSACTION | |
| control field | 20260507135928.0 |
| 008 - FIXED-LENGTH DATA ELEMENTS--GENERAL INFORMATION | |
| fixed length control field | 240130s2024 nyu b 001 0 eng |
| 010 ## - LIBRARY OF CONGRESS CONTROL NUMBER | |
| LC control number | 2024004459 |
| 020 ## - INTERNATIONAL STANDARD BOOK NUMBER | |
| International Standard Book Number | 9781032626826 |
| Qualifying information | (hardback) |
| International Standard Book Number | 9781032626734 |
| Qualifying information | (paperback) |
| Cancelled/invalid ISBN | 9781032626857 |
| Qualifying information | (ebook) |
| 035 ## - SYSTEM CONTROL NUMBER | |
| System control number | 23541593 |
| 040 ## - CATALOGING SOURCE | |
| Original cataloging agency | DLC |
| Language of cataloging | eng |
| Description conventions | rda |
| Transcribing agency | DLC |
| 042 ## - AUTHENTICATION CODE | |
| Authentication code | pcc |
| 043 ## - GEOGRAPHIC AREA CODE | |
| Geographic area code | e-uk-en |
| 050 00 - LIBRARY OF CONGRESS CALL NUMBER | |
| Classification number | KD1554 |
| Item number | .S758 2025 |
| 082 00 - DEWEY DECIMAL CLASSIFICATION NUMBER | |
| Classification number | 346.4202 |
| Edition number | 23 |
| 100 1# - MAIN ENTRY--PERSONAL NAME | |
| Personal name | Stone, Richard, |
| Dates associated with a name | 1951 March 7- |
| Relator term | author. |
| 245 14 - TITLE STATEMENT | |
| Title | The modern law of contract / |
| Statement of responsibility, etc | Richard Stone and James Devenney. |
| 250 ## - EDITION STATEMENT | |
| Edition statement | Fifteenth Edition. |
| 264 #1 - PRODUCTION, PUBLICATION, DISTRIBUTION, MANUFACTURE, AND COPYRIGHT NOTICE | |
| Place of production, publication, distribution, manufacture | Abingdon, Oxon ; |
| -- | New York, NY: |
| Name of producer, publisher, distributor, manufacturer | : |
| -- | Routledge, |
| Date of production, publication, distribution, manufacture, or copyright notice | 2025. |
| 300 ## - PHYSICAL DESCRIPTION | |
| Extent | liv, 592 pages ; |
| Dimensions | 25 cm |
| 336 ## - CONTENT TYPE | |
| Content type term | text |
| Content type code | txt |
| Source | rdacontent |
| 337 ## - MEDIA TYPE | |
| Media type term | unmediated |
| Media type code | n |
| Source | rdamedia |
| 338 ## - CARRIER TYPE | |
| Carrier type term | volume |
| Carrier type code | nc |
| Source | rdacarrier |
| 504 ## - BIBLIOGRAPHY, ETC. NOTE | |
| Bibliography, etc | Includes bibliographical references and index. |
| 505 0# - FORMATTED CONTENTS NOTE | |
| Formatted contents note | Introduction -- Forming the agreement -- Consideration and other tests of enforceability -- Intention to create legal relations -- Privity -- The contents of the contract -- Clauses excluding or limiting liability -- Misrepresentation -- Mistake -- Duress -- Undue influence -- Illegality and public policy -- Frustration -- Discharge by performance or breach -- Remedies and restitution. |
| 520 ## - SUMMARY, ETC. | |
| Summary, etc | "Written by an author team with over sixty years of combined teaching experience, the new edition of The Modern Law of Contract is the complete textbook for students of contract law, providing not only clear and authoritative commentary but also a selection of learning features to enable students to engage actively with the law. The 15th edition has been fully updated to address recent developments in contract law, including the Supreme Court judgments in Sara & Hossein Asset Holdings Ltd v Blacks Outdoor Retail Ltd [2023] UKSC 2, Triple Point Technology, Inc v PTT Public Company Ltd [2021] UKSC 29, Barton v Gwyn-Jones [2023] UKSC 3 and Pakistan International Airline Corp v Times Travel (UK) Ltd [2021] UKSC 40. It offers a carefully tailored overview of all key topics for LLB and GDL courses, and includes a number of learning features designed to enhance comprehension and aid exam preparation, including: -boxed chapter summaries that offer a useful checklist for students, and illustrative diagrams to clarify difficult concepts; -'Key cases' that highlight and contextualise the most significant cases; -'For thought' features that ask 'what if' scenarios; -'In focus' features that provide critical commentary on the law. Also including further reading at the end of each chapter and digital learning resources, The Modern Law of Contract enables undergraduate and postgraduate students not only to fully understand the essential details of contract law but also to develop a profound and critical understanding of this fundamental area"-- |
| Assigning source | Provided by publisher. |
| 650 #0 - SUBJECT ADDED ENTRY--TOPICAL TERM | |
| Topical term or geographic name as entry element | Contracts |
| Geographic subdivision | England. |
| 700 1# - ADDED ENTRY--PERSONAL NAME | |
| Personal name | Devenney, James, |
| Relator term | author. |
| 906 ## - LOCAL DATA ELEMENT F, LDF (RLIN) | |
| a | 7 |
| b | cbc |
| c | orignew |
| d | 1 |
| e | ecip |
| f | 20 |
| g | y-gencatlg |
| 942 ## - ADDED ENTRY ELEMENTS (KOHA) | |
| Source of classification or shelving scheme | Library of Congress Classification |
| Koha item type | Long Loan Books |
No items available.
